Bundesliga TOP 50: Ausländische Spieler des FC Schalke 04 - Statistiken

Allgemein
  • Dieses Quiz wurde 362 mal gespielt
  • Das Durchschnittsergebnis liegt bei 26 aus 50
Antwortstatistiken
Rang Nation Spiele Zeitraum Position Spieler % Korrekt
5 NED 184 2010 - 20172021 ST Klaas-Jan Huntelaar
96%
44 ESP 66 2010 - 2012 ST Raúl
87%
2 DEN 214 1999 - 2006 ST Ebbe Sand
85%
7 PER 170 2008 - 2015 ST Jefferson Farfán
83%
29 MAR 102 2017 - 2022 MF Amine Harit
72%
35 AUT 95 2017 - 2020 ST Guido Burgstaller
71%
49 BRA 60 2016 - 2018 V Naldo
70%
27 JPN 104 2010 - 2017 V Atsuto Uchida
69%
3 CMR 194 2009 - 2016 V Joel Matip
69%
34 TUR 96 2006 - 2010 ST Halil Altıntop
68%
21 TUR 113 2003 - 2007 MF Hamit Altıntop
68%
8 BRA 168 2004 - 2010 V Marcelo Bordon
67%
42 USA 75 2017 - 2020 MF Weston McKennie
66%
17 USA 129 2007 - 2014 MF Jermaine Jones
65%
38 CMR 82 2014 - 2017 ST Eric Maxim Choupo-Moting
64%
50 SEN 59 2018 - 2022 V Salif Sané
63%
13 BEL 138 1996 - 20002001 - 2003 MF Marc Wilmots
62%
38 ALG 82 2016 - 2021 MF Nabil Bentaleb
62%
19 SRB 122 2015 - 2021 V Matija Nastasić
61%
33 CRO 97 2007 - 2011 MF Ivan Rakitić
60%
41 BEL 79 2000 - 2003 ST Emile Mpenza
59%
43 ARG 71 2015 - 2019 ST Franco Di Santo
58%
10 BRA 153 2005 - 2010 V Rafinha
58%
8 GEO 168 2003 - 2009 MF Levan Kobiashvili
57%
25 ITA 106 2017 - 2020 MF Daniel Caligiuri
56%
22 AUT 112 2016 - 2021 MF Alessandro Schöpf
55%
47 GRE 61 2010 - 2014 V Kyriakos Papadopoulos
55%
23 BIH 111 2012 - 2017 V Sead Kolašinac
55%
36 BRA 83 2004 - 2007 MF Lincoln
53%
26 FRA 105 2016 - 2021 MF Benjamin Stambouli
52%
19 RUS 122 2012 - 2016 MF Roman Neustädter
51%
31 AUT 99 2011 - 2015 V Christian Fuchs
49%
6 NED 177 1993 - 2001 ST Youri Mulder
45%
47 ESP 61 2018 - 2021 MF Omar Mascarell
44%
1 CZE 256 1993 - 2002 MF Jiří Němec
42%
16 SRB 131 2004 - 2009 V Mladen Krstajić
39%
23 DEN 111 2002 - 2006 MF Christian Poulsen
36%
29 URU 102 2002 - 2008 V Darío Rodríguez
35%
12 POL 141 1999 - 2006 V Tomasz Wałdoch
35%
27 POL 104 2000 - 2004 V Tomasz Hajto
34%
40 URU 82 2002 - 2008 MF Gustavo Varela
32%
11 NED 151 1997 - 2003 V Marco van Hoogdalem
30%
14 BEL 134 1998 - 2004 V Nico Van Kerckhoven
28%
14 NED 134 1999 - 2005 MF Niels Oude Kamphuis
26%
4 CZE 187 1994 - 2001 MF Radoslav Látal
26%
45 BIH 64 2005 - 2008 MF Zlatan Bajramović
26%
36 NED 83 1996 - 2000 V Johan de Kock
23%
32 BEL 98 2001 - 2005 MF Sven Vermant
18%
18 NED 126 1968 - 1972 MF Heinz van Haaren
5%
46 RUS 63 1989 - 1993 MF Aleksandr Borodyuk
4%
Keine übereinstimmenden Quizze gefunden
Verteilung der Resultate
Anzahl Personen mit jedem Resultat
Perzentil nach korrekt beantworteten Fragen
Ihre Resultats-Entwicklung
Sie haben dieses Quiz noch nicht gespielt